00300nam a22000857a 4500082002100000100005100021245010700072260002500179300001000204 aTNC BA27x54 Ah51 aAhmad, Imtiaz and Upadhyay, Shashi Bhushan ed. aDalit assertion in society, history and literaturecEdited by Imtiaz Ahmad and Shashi Bhushan Upadhyay aDelhibDeshkalc2007 a283p.